000 00547nam a2200217Ia 4500
003 OSt
005 20221005115435.0
006 a|||||r|||| 00| 0
007 ta
008 221004b |||||||| |||| 00| 0 ben d
024 _a46422
037 _cTextual
040 _aCRL
_cCRL
_bben
041 _2ben
_aben
082 _aO156,2N12,1, K0
100 _aPatel Pannalal
245 0 _aChando shen shamto
650 _aGUJRATI LITERATURE
942 _hO156,2N12,1, K0
_cTEXL
_2cc
999 _c1034848
_d1034848